000 00942nam a22002657a 4500
999 _c64880
_d64880
005 20240530110756.0
008 190103s2018 ua adh g b 000 0 ara d
017 _a20909/2017
_bمصر. دار الكتب
020 _a9789777801027
040 _aEG-CaGPL
_cEG-CaGPL
082 0 4 _221
_a371.3/
_bإ ك
100 0 _aامير ابراهيم القرشى
245 1 0 _aكيف تدرس التاريخ /
_cامير ابراهيم القرشى
250 _aط.1
260 _aالقاهرة :
_bعالم الكتب،
_c2018.
300 _a517 ص. :
_bايض ؛
_c24 سم.
504 _aيشتمل على ارجاعات ببليوجرافية
650 0 7 _2qrmak
_aالتدريس
650 0 7 _2qrmak
_aالتاريج
_xطرق التدريس
650 0 7 _2qrmak
_aالمدرسون
_xتدريب
650 0 7 _2qrmak
_aالوسائل التعليمية
651 _2qrmak
942 _2ddc
_cBK